Statistics for Zemlje koje počinju slovom J

Click here to take the quiz!

General Stats

  • This quiz has been taken 526 times
  • The average score is 4 of 7

Answer Stats

Zemlje% Correct
Japan
86%
Jamajka
77%
Jemen
72%
Jordan
70%
Južna Koreja
60%
Južna Afrika
43%
Južni Sudan
42%

Score Distribution

Percentile by Number Answered

Percent of People with Each Score

Your Score History

You have not taken this quiz